[Event "ODEM U25B 2013"]
[Site "Oberhof GER"]
[Date "2013.05.25"]
[Round "9"]
[White "Grünwald, Max"]
[Black "Binner, Jule"]
[Result "1-0"]
[Termination "normal"]
[Board "25"]
[WhiteElo "1118"]
[BlackElo "1274"]
[PlyCount "73"]
[WhiteFideId "12992283"]
[BlackFideId "16205332"]
[EventCountry "GER"]
[EventRounds "9"]
[EventType "swiss"]
[EventDate "2013.05.18"]

1. e4 c5 2. b4 cxb4 3. a3 bxa3 4. Nxa3 Nc6 5. d4 d6 6. Nf3 a6 7. Bc4 e6 8. O-O
b5 9. Nxb5 axb5 10. Rxa8 bxc4 11. Re1 Qc7 12. d5 Na7 13. Be3 Nb5 14. Bb6 Qb7
15. Qa1 e5 16. Qa4 Qd7 17. Nd2 c3 18. Nc4 Nf6 19. Na3 Nxa3 20. Rxc8+ Ke7 21.
Rc7 Nxc2 22. Rxd7+ Nxd7 23. Qxc2 Nxb6 24. Qxc3 Nd7 25. Ra1 h5 26. Ra7 g5 27.
Qc6 Rh7 28. Rxd7+ Kf6 29. Qc3 g4 30. f4 Rg7 31. fxe5+ dxe5 32. Qc6+ Kg5 33. d6
h4 34. Rd8 Bxd6 35. Rxd6 h3 36. Qc1+ Kh5 37. Qh6# 1-0

[Event "ODEM U25B 2013"]
[Site "Oberhof GER"]
[Date "2013.05.25"]
[Round "9"]
[White "Schilay, Eva"]
[Black "Lange, Cecilia"]
[Result "1-0"]
[Termination "normal"]
[Board "26"]
[WhiteElo "1223"]
[BlackElo "1116"]
[PlyCount "113"]
[WhiteFideId "12930164"]
[BlackFideId "12976040"]
[EventCountry "GER"]
[EventRounds "9"]
[EventType "swiss"]
[EventDate "2013.05.18"]

1. e4 c6 2. Nf3 d5 3. exd5 cxd5 4. Nc3 Nf6 5. g3 Bf5 6. Bg2 e6 7. d3 h6 8. Bf4
Bd6 9. Be5 Bxe5 10. Nxe5 Nbd7 11. Nf3 O-O 12. O-O Qe7 13. Re1 Rfc8 14. Nd4 Bg6
15. Nxd5 Nxd5 16. Bxd5 Nf6 17. Bg2 Qb4 18. Nb3 Rc7 19. c3 Qb6 20. d4 Rd8 21.
Qd2 Rcd7 22. Nc5 Rc7 23. Re2 Nd7 24. Ne4 Bxe4 25. Bxe4 Nf6 26. Bg2 Rcd7 27. Qf4
Qd6 28. Qxd6 Rxd6 29. Bxb7 Rb8 30. Bg2 Kf8 31. b3 Ke7 32. Re5 Rc8 33. Rc5 Kd7
34. Rxc8 Kxc8 35. Kf1 Kc7 36. Ke2 Nd7 37. Bh3 Kb6 38. Ke3 f6 39. f4 a5 40. a4
Ka6 41. Bf1+ Kb7 42. Bb5 Nb6 43. Re1 f5 44. Kd3 Kc7 45. Re5 Kb7 46. c4 Rd8 47.
Rxe6 Nd7 48. Re7 Kc7 49. Rxg7 Kd6 50. Bxd7 Rxd7 51. Rxd7+ Kxd7 52. d5 Kc7 53.
Kd4 Kd7 54. Ke5 Kc7 55. Ke6 Kd8 56. Kd6 h5 57. h4 1-0

[Event "ODEM U25B 2013"]
[Site "Oberhof GER"]
[Date "2013.05.25"]
[Round "9"]
[White "Kluge, Helene"]
[Black "Schenk, Philipp"]
[Result "0-1"]
[Termination "normal"]
[Board "27"]
[WhiteElo "1020"]
[BlackElo "1213"]
[PlyCount "72"]
[WhiteFideId "12983179"]
[EventCountry "GER"]
[EventRounds "9"]
[EventType "swiss"]
[EventDate "2013.05.18"]

1. d4 d5 2. f4 Bf5 3. e3 e6 4. Nf3 Nd7 5. Nbd2 Ngf6 6. Ne5 Nxe5 7. fxe5 Ne4 8.
Bd3 Qg5 9. Qe2 Be7 10. Nf3 Qh6 11. Bd2 Ng3 12. hxg3 Qxh1+ 13. Qf1 Qxf1+ 14.
Kxf1 Bxd3+ 15. cxd3 f6 16. Ke2 O-O 17. Rh1 Rac8 18. e4 c5 19. Be3 dxe4 20. dxe4
c4 21. a3 fxe5 22. Nxe5 c3 23. bxc3 Rxc3 24. a4 Rc2+ 25. Bd2 Ra2 26. a5 Bb4 27.
Nc4 Rc8 28. Kd3 Bxd2 29. Nxd2 Rxa5 30. Nc4 Ra4 31. Rc1 b5 32. Nb6 Ra3+ 33. Kd2
Rxc1 34. Kxc1 axb6 35. g4 Ra2 36. g3 Rg2 0-1

[Event "ODEM U25B 2013"]
[Site "Oberhof GER"]
[Date "2013.05.25"]
[Round "9"]
[White "Arnold, Alexandria"]
[Black "Berg, Robert"]
[Result "1-0"]
[Termination "normal"]
[Board "28"]
[WhiteElo "999"]
[BlackElo "1174"]
[PlyCount "63"]
[WhiteFideId "16205383"]
[EventCountry "GER"]
[EventRounds "9"]
[EventType "swiss"]
[EventDate "2013.05.18"]

1. e4 d5 2. exd5 Qxd5 3. Nc3 Qa5 4. Nf3 Nf6 5. d4 e6 6. Bd2 Bd6 7. Be2 O-O 8.
O-O Qh5 9. h3 Nc6 10. Ne5 Qh4 11. Nf3 Qh5 12. a3 Qg6 13. Nh4 Nxd4 14. Nxg6 fxg6
15. Bg5 e5 16. Bc4+ Kh8 17. Ne2 Ng4 18. Nxd4 exd4 19. hxg4 h6 20. Bh4 Bd7 21.
Qxd4 Rf4 22. Qd3 Bf5 23. gxf5 Rxh4 24. g3 Rh3 25. fxg6 Rf8 26. Qd5 c6 27. Qxd6
Re8 28. Qd7 Rb8 29. Qxh3 Rd8 30. Rad1 Re8 31. Qd7 a6 32. Qxe8# 1-0

[Event "ODEM U25B 2013"]
[Site "Oberhof GER"]
[Date "2013.05.25"]
[Round "9"]
[White "Eggert, Daniela"]
[Black "Mönster, Michel"]
[Result "1-0"]
[Termination "normal"]
[Board "29"]
[WhiteElo "1241"]
[BlackElo "1310"]
[PlyCount "55"]
[WhiteFideId "12991490"]
[BlackFideId "12947164"]
[EventCountry "GER"]
[EventRounds "9"]
[EventType "swiss"]
[EventDate "2013.05.18"]

1. e4 e6 2. d4 d5 3. exd5 exd5 4. Nf3 c5 5. c4 cxd4 6. Nxd4 Nf6 7. Nc3 Nc6 8.
cxd5 Nxd5 9. Nxc6 bxc6 10. Bc4 Be6 11. O-O Be7 12. Nxd5 Bxd5 13. Bxd5 cxd5 14.
Qa4+ Qd7 15. Qxd7+ Kxd7 16. Rd1 Kc6 17. Bf4 Rhd8 18. Rac1+ Kb5 19. Rd4 Bf6 20.
a4+ Kb6 21. Bc7+ Ka6 22. Rb4 Rd6 23. Bxd6 Ka5 24. b3 Bd8 25. Rb8 Rxb8 26. Bxb8
Bg5 27. Rc5+ Kb6 28. Rxd5 1-0

[Event "ODEM U25B 2013"]
[Site "Oberhof GER"]
[Date "2013.05.25"]
[Round "9"]
[White "Karge, Ole Jannes"]
[Black "Kung, Fanny"]
[Result "0-1"]
[Termination "normal"]
[Board "30"]
[WhiteElo "1471"]
[BlackElo "1052"]
[PlyCount "92"]
[WhiteFideId "12957267"]
[BlackFideId "12987689"]
[EventCountry "GER"]
[EventRounds "9"]
[EventType "swiss"]
[EventDate "2013.05.18"]

1. e4 d5 2. e5 d4 3. Bc4 Nc6 4. f4 Bf5 5. Nf3 Na5 6. Be2 d3 7. cxd3 Bxd3 8.
Bxd3 Qxd3 9. Qa4+ Nc6 10. Nc3 O-O-O 11. Qe4 Qxe4+ 12. Nxe4 Nh6 13. O-O e6 14.
b3 Bb4 15. Bb2 Rd7 16. d4 Nf5 17. Rfd1 Rhd8 18. a3 Ba5 19. Nc5 Rd5 20. b4 Bb6
21. Nb3 Ncxd4 22. Bxd4 Nxd4 23. Nbxd4 Bxd4+ 24. Rxd4 Rxd4 25. Nxd4 Rxd4 26. g3
Rd2 27. h4 Kd7 28. Kf1 Kc6 29. Ke1 Rb2 30. Rc1+ Kb5 31. Rxc7 Kb6 32. Rxf7 Rb3
33. Rxg7 Rxa3 34. Kf2 Rb3 35. Rxh7 Rxb4 36. h5 a5 37. h6 a4 38. Re7 a3 39.
Rxe6+ Ka7 40. h7 a2 41. h8=Q a1=Q 42. Kf3 Qd1+ 43. Ke3 Qb3+ 44. Kd2 Qxe6 45.
Qf6 Qd5+ 46. Kc3 Rc4+ 0-1

[Event "ODEM U25B 2013"]
[Site "Oberhof GER"]
[Date "2013.05.25"]
[Round "9"]
[White "Wolff, Marie Antoinette"]
[Black "Zimmer, Luca"]
[Result "1/2-1/2"]
[Termination "normal"]
[Board "31"]
[WhiteElo "1280"]
[BlackElo "1049"]
[PlyCount "58"]
[WhiteFideId "12908258"]
[BlackFideId "12921424"]
[EventCountry "GER"]
[EventRounds "9"]
[EventType "swiss"]
[EventDate "2013.05.18"]

1. c4 e6 2. Nc3 d5 3. cxd5 exd5 4. d3 Be6 5. Nf3 Bd6 6. g3 Nc6 7. Bg2 Qd7 8.
Ng5 Nf6 9. Nxe6 fxe6 10. O-O O-O 11. Bg5 Ng4 12. Bh3 Nxf2 13. Rxf2 Bc5 14. e3
h6 15. Bf4 d4 16. Kh1 dxc3 17. bxc3 g5 18. Qb3 Rae8 19. d4 Na5 20. Qc2 Ba3 21.
Qg6+ Qg7 22. Qxg7+ Kxg7 23. Be5+ Kg8 24. Rxf8+ Kxf8 25. Rf1+ Kg8 26. Bxc7 Nc4
27. Rf6 Kg7 28. Rf3 h5 29. g4 h4 1/2-1/2

[Event "ODEM U25B 2013"]
[Site "Oberhof GER"]
[Date "2013.05.25"]
[Round "9"]
[White "Kalina, Joshua"]
[Black "Eichstaedt, Ina"]
[Result "1/2-1/2"]
[Termination "normal"]
[Board "32"]
[WhiteElo "1021"]
[BlackElo "1224"]
[PlyCount "76"]
[BlackFideId "1270265"]
[EventCountry "GER"]
[EventRounds "9"]
[EventType "swiss"]
[EventDate "2013.05.18"]

1. e4 e5 2. Nf3 Nc6 3. d4 exd4 4. Nxd4 Bc5 5. Be3 Qf6 6. c3 Nge7 7. Nc2 Bxe3 8.
Nxe3 Qe5 9. Bd3 d5 10. Qf3 O-O 11. O-O dxe4 12. Bxe4 Be6 13. Nd2 Rad8 14. Rad1
Bxa2 15. Ng4 Qg5 16. Qh3 h6 17. Nf3 Qf4 18. Bc2 Be6 19. Ng5 Qxg5 20. f3 Bxg4
21. fxg4 Rxd1 22. Rxd1 Qc5+ 23. Kh1 Qf2 24. Qd3 Ng6 25. Rf1 Qh4 26. Rf4 Qg5 27.
Rf1 Qxg4 28. Bd1 Qe6 29. Bc2 Rd8 30. Qf3 Qf6 31. Qe2 Qe5 32. Qf3 Qe7 33. Bb3
Rf8 34. Kg1 Nge5 35. Qf5 Qc5+ 36. Kh1 Qe3 37. Bc2 Ng6 38. Bb3 Qe7 1/2-1/2

[Event "ODEM U25B 2013"]
[Site "Oberhof GER"]
[Date "2013.05.25"]
[Round "9"]
[White "Schumacher, Aaron"]
[Black "Rüpke, Yannick"]
[Result "1-0"]
[Termination "normal"]
[Board "33"]
[WhiteElo "1068"]
[BlackElo "1038"]
[PlyCount "69"]
[EventCountry "GER"]
[EventRounds "9"]
[EventType "swiss"]
[EventDate "2013.05.18"]

1. c4 e5 2. Nc3 Nf6 3. a3 d5 4. cxd5 Nxd5 5. e4 Nf6 6. Nf3 Nc6 7. Bb5 Bd7 8. d3
Bd6 9. O-O O-O 10. Be3 a6 11. Bc4 Bg4 12. Re1 Nd4 13. Bxd4 exd4 14. Nb1 Bc5 15.
Nbd2 Qd7 16. Qb3 b5 17. Bd5 Nxd5 18. Ne5 Qd6 19. Nxg4 Nf6 20. e5 Qd7 21. Nxf6+
gxf6 22. Ne4 Qc6 23. Nxf6+ Kh8 24. Rac1 Kg7 25. Qc2 Rac8 26. Qxc5 Qb7 27. Qxd4
Rfd8 28. Qg4+ Kf8 29. Qg8+ Ke7 30. Qg5 Ke6 31. Qg4+ Ke7 32. Nxh7 Rg8 33. Qh4+
Ke6 34. Qf6+ Kd7 35. Qxf7+ 1-0

[Event "ODEM U25B 2013"]
[Site "Oberhof GER"]
[Date "2013.05.25"]
[Round "9"]
[White "Wu, Erik"]
[Black "Graf, Lennard"]
[Result "1-0"]
[Termination "normal"]
[Board "34"]
[WhiteElo "1169"]
[BlackElo "979"]
[PlyCount "107"]
[WhiteFideId "12977489"]
[EventCountry "GER"]
[EventRounds "9"]
[EventType "swiss"]
[EventDate "2013.05.18"]

1. e4 c6 2. d4 d5 3. f3 Nf6 4. Nc3 Nbd7 5. Bf4 Qb6 6. Rb1 e6 7. a3 Nh5 8. Nh3
Nxf4 9. Nxf4 Bd6 10. e5 Be7 11. Be2 O-O 12. Bd3 Bg5 13. Nh3 Be3 14. Ne2 c5 15.
c3 cxd4 16. cxd4 Qa5+ 17. Nc3 f5 18. Bc2 Nb8 19. f4 Nc6 20. Ng5 Nxd4 21. g3 b6
22. Ba4 Bb7 23. Qd3 b5 24. Bd1 Nc2+ 25. Bxc2 d4 26. Rf1 dxc3 27. Qxe3 cxb2+ 28.
Kf2 Rad8 29. Rfd1 Qc7 30. Rxb2 Bd5 31. Bb3 Bxb3 32. Rxd8 Rxd8 33. Qxb3 Qb6+ 34.
Qe3 Qc7 35. Nxe6 Qc8 36. Nxd8 Qxd8 37. Qb3+ Kh8 38. Ke2 a6 39. Qd3 Qb6 40. Rd2
g6 41. Qd8+ Qxd8 42. Rxd8+ Kg7 43. Rd6 a5 44. Kd3 b4 45. axb4 axb4 46. Rb6 Kh6
47. e6 b3 48. e7 b2 49. e8=Q b1=Q+ 50. Rxb1 Kh5 51. h3 Kh6 52. Qh8 g5 53. Rb6+
Kh5 54. Qxh7# 1-0

[Event "ODEM U25B 2013"]
[Site "Oberhof GER"]
[Date "2013.05.25"]
[Round "9"]
[White "Chung, Nicholas"]
[Black "Zeuner, Ole"]
[Result "0-1"]
[Termination "normal"]
[Board "35"]
[WhiteElo "946"]
[BlackElo "1135"]
[PlyCount "50"]
[BlackFideId "12943576"]
[EventCountry "GER"]
[EventRounds "9"]
[EventType "swiss"]
[EventDate "2013.05.18"]

1. e4 c5 2. Nf3 a6 3. d4 cxd4 4. Nxd4 Nf6 5. Nc3 e5 6. Nb3 Bb4 7. f3 d5 8. exd5
Nxd5 9. Bd2 Nxc3 10. Bxc3 Bxc3+ 11. bxc3 Qc7 12. Qd2 O-O 13. O-O-O Be6 14. Be2
Nd7 15. Rhe1 Rfd8 16. Kb2 Nc5 17. Qe3 Na4+ 18. Kc1 Qe7 19. Rxd8+ Rxd8 20. Bd3
Qa3+ 21. Kd2 g6 22. Qxe5 Qxa2 23. Kd1 Bxb3 24. cxb3 Rxd3+ 25. Kc1 Qb2# 0-1

[Event "ODEM U25B 2013"]
[Site "Oberhof GER"]
[Date "2013.05.25"]
[Round "9"]
[White "Kurzweil, Nalani"]
[Black "Matuschak, Henry"]
[Result "0-1"]
[Termination "normal"]
[Board "36"]
[WhiteElo "917"]
[BlackElo "1082"]
[PlyCount "38"]
[WhiteFideId "12985694"]
[EventCountry "GER"]
[EventRounds "9"]
[EventType "swiss"]
[EventDate "2013.05.18"]

1. e4 e5 2. Nf3 Nc6 3. Bc4 Bc5 4. Nc3 Nf6 5. d3 h6 6. Be3 Bxe3 7. fxe3 O-O 8.
d4 d6 9. h3 exd4 10. exd4 Re8 11. Qd3 Bf5 12. Nd2 d5 13. Nxd5 Nxd5 14. Bxd5
Qxd5 15. O-O Bxe4 16. Nxe4 Rxe4 17. c3 Rae8 18. Rad1 Re2 19. Rb1 Qxg2# 0-1

[Event "ODEM U25B 2013"]
[Site "Oberhof GER"]
[Date "2013.05.25"]
[Round "9"]
[White "Riedel, Adelheid"]
[Black "Hacklinger, Leon"]
[Result "0-1"]
[Termination "normal"]
[Board "37"]
[WhiteElo "846"]
[BlackElo "1008"]
[PlyCount "72"]
[BlackFideId "16205111"]
[EventCountry "GER"]
[EventRounds "9"]
[EventType "swiss"]
[EventDate "2013.05.18"]

1. e4 e5 2. Nf3 Nc6 3. Bc4 Bc5 4. c3 a5 5. d4 exd4 6. cxd4 Bb4+ 7. Nc3 Nf6 8.
Bg5 h6 9. Bh4 O-O 10. Ne5 Ne7 11. Bxf6 gxf6 12. Qg4+ Kh7 13. Nf3 d5 14. Qh4 Ng6
15. Qg3 dxc4 16. O-O Rg8 17. Nd2 Rg7 18. Nxc4 Qxd4 19. Rad1 Qxc4 20. Nd5 Bd6
21. Qf3 Ne5 22. Qf4 Nd3 23. Nxf6+ Kg6 24. Qf3 Qe6 25. Qh5+ Kxf6 26. Qxh6+ Ke7
27. Qxg7 Nf4 28. Qg5+ Ke8 29. Qg8+ Kd7 30. Rfe1 b6 31. e5 Bb7 32. exd6 Qxe1+
33. Rxe1 Rxg8 34. g3 Nh3+ 35. Kf1 cxd6 36. Re2 Ba6 0-1

[Event "ODEM U25B 2013"]
[Site "Oberhof GER"]
[Date "2013.05.25"]
[Round "9"]
[White "Breitzmann, Thorge"]
[Black "Ziegenfuß, Larissa"]
[Result "1/2-1/2"]
[Termination "normal"]
[Board "38"]
[WhiteElo "1000"]
[BlackElo "923"]
[PlyCount "48"]
[BlackFideId "12974722"]
[EventCountry "GER"]
[EventRounds "9"]
[EventType "swiss"]
[EventDate "2013.05.18"]

1. d4 Nf6 2. c4 d6 3. Nc3 Nbd7 4. Nf3 e5 5. Bg5 Be7 6. e3 O-O 7. Bd3 b6 8. O-O
Bb7 9. e4 h6 10. Bxf6 Bxf6 11. d5 Bg5 12. Ne2 Nc5 13. b4 Nxd3 14. Qxd3 Bc8 15.
Ng3 Bg4 16. Nxg5 Qxg5 17. Qe3 Qg6 18. f3 Bd7 19. b5 f5 20. Qd3 f4 21. Ne2 Bh3
22. Rf2 Rae8 23. Kh1 Bd7 24. a4 a5 1/2-1/2

[Event "ODEM U25B 2013"]
[Site "Oberhof GER"]
[Date "2013.05.25"]
[Round "9"]
[White "Lilienthal, Niels Bennett"]
[Black "Schulze, Lukas"]
[Result "1-0"]
[Termination "normal"]
[Board "39"]
[WhiteElo "983"]
[BlackElo "858"]
[PlyCount "137"]
[WhiteFideId "16205421"]
[BlackFideId "12956856"]
[EventCountry "GER"]
[EventRounds "9"]
[EventType "swiss"]
[EventDate "2013.05.18"]

1. d4 Nf6 2. Nf3 e6 3. e3 c5 4. c3 b6 5. Bd3 Bb7 6. Nbd2 Bd6 7. e4 Nh5 8. O-O
Nf4 9. Nc4 Bc7 10. Bxf4 Bxf4 11. Re1 O-O 12. Bc2 f5 13. exf5 exf5 14. a3 Qf6
15. Nce5 d6 16. Nd3 Qh6 17. Nxf4 Qxf4 18. d5 Rf6 19. Re8+ Rf8 20. Rxf8+ Kxf8
21. Bb3 Nd7 22. Qe2 Re8 23. Qd3 Re7 24. c4 Rf7 25. Re1 Rf6 26. Qe2 Ne5 27. Nxe5
dxe5 28. Qxe5 Qxe5 29. Rxe5 a6 30. f4 Rd6 31. Kf2 Kf7 32. Kf3 Kf6 33. h3 g5 34.
g4 gxf4 35. Kxf4 fxg4 36. hxg4 h6 37. Bc2 Bc8 38. Rh5 Kg7 39. g5 hxg5+ 40.
Rxg5+ Kh6 41. Re5 Rf6+ 42. Ke3 Rd6 43. Bf5 Bxf5 44. Rxf5 Kg6 45. Rf2 b5 46. b3
a5 47. cxb5 Rxd5 48. Rc2 Rd6 49. Rxc5 Rb6 50. a4 Kf6 51. Rc8 Ke5 52. Kd3 Kd6
53. Kc3 Kd7 54. Rc4 Kd6 55. b4 axb4+ 56. Kxb4 Kd5 57. Rc1 Kd4 58. a5 Rb8 59. a6
Ra8 60. Ka5 Kd5 61. b6 Kd6 62. b7 Rb8 63. Kb6 Kd7 64. a7 Re8 65. b8=Q Re6+ 66.
Kb5 Re5+ 67. Qxe5 Kd8 68. a8=R+ Kd7 69. Rd1# 1-0

[Event "ODEM U25B 2013"]
[Site "Oberhof GER"]
[Date "2013.05.25"]
[Round "9"]
[White "Grimm, Nicola Marie"]
[Black "Reuker, Ronja"]
[Result "1-0"]
[Termination "normal"]
[Board "40"]
[WhiteElo "967"]
[BlackElo "870"]
[PlyCount "71"]
[WhiteFideId "12988987"]
[BlackFideId "12947172"]
[EventCountry "GER"]
[EventRounds "9"]
[EventType "swiss"]
[EventDate "2013.05.18"]

1. d4 d5 2. Bf4 Nf6 3. Nf3 Nc6 4. e3 a6 5. c3 e6 6. Bd3 Bd6 7. Bg3 O-O 8. Qc2
Re8 9. Ng5 g6 10. Be5 Nxe5 11. dxe5 Bxe5 12. h4 Nh5 13. Nd2 Bf6 14. Ndf3 e5 15.
e4 Bg4 16. Be2 h6 17. Nh3 Bxf3 18. Bxf3 Bxh4 19. O-O-O d4 20. Bxh5 gxh5 21. Qe2
Bg5+ 22. Kb1 h4 23. g3 hxg3 24. fxg3 Be3 25. Qg4+ Qg5 26. Nxg5 hxg5 27. Qh5 Kf8
28. Qh8+ Ke7 29. Qxe5+ Kd7 30. Qf5+ Ke7 31. cxd4 f6 32. Rh7+ Kd8 33. Qd5+ Kc8
34. Qd7+ Kb8 35. Qxc7+ Ka7 36. Qxb7# 1-0

[Event "ODEM U25B 2013"]
[Site "Oberhof GER"]
[Date "2013.05.25"]
[Round "9"]
[White "Moulart, Adrien"]
[Black "Pahl, Theis"]
[Result "0-1"]
[Termination "normal"]
[Board "41"]
[WhiteElo "930"]
[BlackElo "839"]
[PlyCount "66"]
[BlackFideId "16201264"]
[EventCountry "GER"]
[EventRounds "9"]
[EventType "swiss"]
[EventDate "2013.05.18"]

1. e4 e5 2. Nf3 Nc6 3. Bc4 Nf6 4. d4 exd4 5. O-O Bc5 6. e5 d5 7. exf6 dxc4 8.
Re1+ Be6 9. Ng5 Qd5 10. Nc3 Qf5 11. Nce4 O-O-O 12. Nxe6 fxe6 13. Nxc5 Qxc5 14.
fxg7 Rhg8 15. Bh6 Qf5 16. Qd2 e5 17. f3 d3 18. c3 Rd6 19. Re4 Qg6 20. Rh4 Ne7
21. Bg5 Qxg7 22. Bxe7 Qxe7 23. Rxc4 h5 24. g3 h4 25. Rxh4 Qxh4 26. Kh1 Rxg3 27.
Qf2 Rh6 28. Rg1 Rxg1+ 29. Qxg1 d2 30. Qg8+ Kd7 31. Qf7+ Kd6 32. Qf8+ Kc6 33.
Qe8+ Kb6 0-1

[Event "ODEM U25B 2013"]
[Site "Oberhof GER"]
[Date "2013.05.25"]
[Round "9"]
[White "Reif, Richard"]
[Black "Zell, Mirjam"]
[Result "1/2-1/2"]
[Termination "normal"]
[Board "42"]
[WhiteElo "1016"]
[BlackElo "820"]
[PlyCount "129"]
[WhiteFideId "12983764"]
[BlackFideId "16208544"]
[EventCountry "GER"]
[EventRounds "9"]
[EventType "swiss"]
[EventDate "2013.05.18"]

1. e4 e5 2. Nf3 Nc6 3. Nc3 Nf6 4. Bc4 Bc5 5. Nxe5 Nxe5 6. d4 Nxc4 7. dxc5 Qe7
8. f3 d5 9. cxd6 Nxd6 10. O-O Nh5 11. f4 Qh4 12. Nd5 Bg4 13. Qe1 Qxe1 14. Rxe1
O-O 15. Nxc7 Rac8 16. h3 Bxh3 17. gxh3 Rxc7 18. Re2 Re8 19. e5 Nf5 20. c3 Nhg3
21. Rf2 Ne4 22. Re2 Nfg3 23. Re3 Rd8 24. Kg2 Rd1 25. Rxg3 Nxg3 26. Kxg3 Rg1+
27. Kf2 Rg6 28. Be3 f6 29. Bxa7 fxe5 30. fxe5 Re6 31. Bd4 Rf7+ 32. Kg3 Rg6+ 33.
Kh2 Rf3 34. Rg1 Rxg1 35. Bxg1 Kf7 36. Kg2 Rf5 37. Bd4 g5 38. Kg3 Rf4 39. Be3
Re4 40. Bxg5 Rxe5 41. Kf4 Rb5 42. b3 Kg6 43. Be7 Rf5+ 44. Kg4 h5+ 45. Kg3 Re5
46. Bd6 Re3+ 47. Kf4 Rxh3 48. Bb4 Rh4+ 49. Kg3 Rg4+ 50. Kh3 Kg5 51. Be7+ Kf5
52. c4 Ke6 53. Bh4 Kd6 54. Bf6 Kc6 55. Be7 Kb6 56. Bf8 Ka5 57. Be7 b5 58. Bd8+
Ka6 59. c5 Kb7 60. a3 b4 61. axb4 Rxb4 62. Be7 Rxb3+ 63. Kh4 Kc6 64. Kxh5 Re3
65. Bd6 1/2-1/2

[Event "ODEM U25B 2013"]
[Site "Oberhof GER"]
[Date "2013.05.25"]
[Round "9"]
[White "Reichel, Sara"]
[Black "Uhlmann, Marie"]
[Result "0-1"]
[Termination "normal"]
[Board "44"]
[WhiteElo "683"]
[BlackElo "943"]
[PlyCount "84"]
[WhiteFideId "16245130"]
[BlackFideId "12980340"]
[EventCountry "GER"]
[EventRounds "9"]
[EventType "swiss"]
[EventDate "2013.05.18"]

1. e4 c5 2. d4 cxd4 3. c3 Nc6 4. cxd4 Nf6 5. Nc3 g6 6. e5 Ng8 7. Nf3 Bg7 8. Bc4
d6 9. Qe2 Qc7 10. Bf4 Bf5 11. O-O e6 12. d5 dxe5 13. Bg3 Bg4 14. Qe4 Nf6 15.
Qd3 Bf5 16. Qd2 Nb4 17. Nxe5 Qe7 18. Bb5+ Kf8 19. a3 Nbxd5 20. Nxd5 exd5 21.
Rfe1 Qd8 22. Re2 Ne4 23. Qf4 Kg8 24. Bh4 Qd6 25. Rc2 Bxe5 26. Qh6 g5 27. Bxg5
Qxh6 28. Bxh6 Bg7 29. Be3 Nd6 30. Bd3 Bxd3 31. Rc5 d4 32. Bf4 Ne4 33. Rc7 h6
34. h4 Kh7 35. h5 Rhf8 36. Rd7 Rad8 37. Rxd8 Rxd8 38. Rd1 Be2 39. Re1 d3 40. f3
Nf6 41. Bc7 Rd7 42. Bf4 d2 0-1

[Event "ODEM U25B 2013"]
[Site "Oberhof GER"]
[Date "2013.05.25"]
[Round "9"]
[White "Granzin, Mina"]
[Black "Gazizov, Erik"]
[Result "0-1"]
[Termination "normal"]
[Board "45"]
[WhiteElo "857"]
[BlackElo "722"]
[PlyCount "114"]
[BlackFideId "12951358"]
[EventCountry "GER"]
[EventRounds "9"]
[EventType "swiss"]
[EventDate "2013.05.18"]

1. e4 c5 2. Nc3 d6 3. Nf3 Nf6 4. Bb5+ Bd7 5. Bc4 g6 6. O-O Bg7 7. d3 e6 8. Be3
b6 9. Bg5 O-O 10. d4 Qc8 11. e5 Nd5 12. Nxd5 exd5 13. Bxd5 Nc6 14. c3 h6 15.
Bf4 dxe5 16. dxe5 Rb8 17. e6 fxe6 18. Bxb8 exd5 19. Bg3 Be6 20. Re1 Re8 21. Bf4
Qd7 22. Qd2 Kh7 23. Re2 d4 24. cxd4 cxd4 25. Qd3 Bf5 26. Qd2 d3 27. Rxe8 Qxe8
28. Qe1 Qxe1+ 29. Rxe1 Bxb2 30. Rd1 Nb4 31. a4 g5 32. Bd2 Nd5 33. Be3 a6 34.
Ne5 Bxe5 35. Re1 Bc3 36. Rd1 b5 37. axb5 axb5 38. h3 b4 39. Rb1 Nxe3 40. fxe3
d2 41. Rf1 Kg6 42. Kf2 b3 43. Kf3 b2 44. e4 Be6 45. Ke3 Ba2 46. Kf3 b1=Q 47.
Rxb1 Bxb1 48. Ke2 Kf6 49. Kd1 Bxe4 50. Ke2 Bxg2 51. Kd1 Bf3+ 52. Kc2 d1=Q+ 53.
Kxc3 g4 54. hxg4 Bxg4 55. Kc4 Qe2+ 56. Kc5 Qe4 57. Kb5 Kf5 0-1